UM Logo
Normal view MARC view
  • Alfanta, Johnrel O.

Entry Personal Name

Number of records used in: 1

001 - CONTROL NUMBER

  • control field: 38516

003 - CONTROL NUMBER IDENTIFIER

  • control field: OSt

005 - DATE AND TIME OF LATEST TRANSACTION

  • control field: 20190425133107.0

008 - FIXED-LENGTH DATA ELEMENTS

  • fixed length control field: 190425|| aca||aabn | a|a d

040 ## - CATALOGING SOURCE

  • Original cataloging agency: OSt
  • Transcribing agency: OSt

100 ## - HEADING--PERSONAL NAME

  • Personal name: Alfanta, Johnrel O.

670 ## - SOURCE DATA FOUND

  • Source citation: Work cat.: (OSt): Sarno, Jonel Mark D. 38514, PNP patrol force services and drug related crimes in the municipality of Kiblawan, Davao del sur /, July 2014.